| 000 | 00589nam a2200229Ia 4500 | ||
|---|---|---|---|
| 003 | 0100 | ||
| 008 | 130303s9999 xx 000 0 und d | ||
| 020 | _a803917651 | ||
| 040 | _cARRUPELIB | ||
| 050 | _aH61.H741982 | ||
| 100 | _aHouse, Peter William | ||
| 245 | 4 | _aThe art of public policy analysis | |
| 245 | _bthe arena of regulations and resources | ||
| 260 | _aBeverly Hills | ||
| 260 | _bSage Publications | ||
| 260 | _C1982 | ||
| 300 | _a296 p. | ||
| 300 | _bill.23cm | ||
| 440 | _aSage Libray of Social Research,V.135 | ||
| 700 | _aPeter William House | ||
| 942 | 0 | 0 | _01 |
| 999 |
_c11312 _d11312 |
||